000 00409nam a2200169Ia 4500
999 _c30961
_d30961
003 OSt
005 20250604152919.0
008 250310s9999||||xx |||||||||||||| ||und||
020 _a0-7181-1779-4
040 _c.
082 _a813.54
_bH151
100 _95895
_aHailey, Arthur
245 0 _aOverload /
_cArthur Hailey
260 _aLondon :
_bMichael Joseph ltd,
_c1979.
300 _a448 p.
942 _cBK
_2ddc